| 000 | 00504nam a22001817a 4500 | ||
|---|---|---|---|
| 999 |
_c531548 _d531548 |
||
| 003 | NUST | ||
| 005 | 20191018115727.0 | ||
| 008 | 191018b ||||| |||| 00| 0 eng d | ||
| 020 | _a9788275980135 | ||
| 038 | _aMSOHAIL | ||
| 082 | _a0 | ||
| 100 |
_aJarle Ravn _924387 |
||
| 245 | _aPlanning and Implementation of Hydropower Projects | ||
| 250 | _aVol-5 | ||
| 260 |
_aNoreay _bNorwegian Institute of Technology, Division of Hydraulic Engineering, _c2005 |
||
| 300 |
_a176,p; _c28cm |
||
| 942 |
_2ddc _cBK |
||